| 000 | 00657cab a2200217 4500 | ||
|---|---|---|---|
| 001 | WB3514-04 | ||
| 008 | 090401t1999 xxu||||| |||| 00| 0 eng d | ||
| 035 | _a(Sirsi) u92705 | ||
| 041 | _aeng | ||
| 245 | _aGrowth potential in construction sector | ||
| 260 | _c1999 | ||
| 350 | _a0 | ||
| 490 |
_aContract Journal _v398(6220) 8 April 1999, 6(1) |
||
| 520 | _aThe facilities management sector has increased its value substantially over the last five years, and is set to remain buoyant. | ||
| 650 | _aFACILITIES MANAGEMENT SECTOR | ||
| 650 | _aFORECASTS | ||
| 650 | _aINCREASE | ||
| 690 | _aBUILT ENVIRONMENT | ||
| 942 | _n0 | ||
| 948 | _c13/04/1999 | ||
| 999 |
_c58757 _d58757 |
||